000
00346nam a2200157Ia 4500
100
_a
Lala/R.M
650
_a
J.R.D Tata
942
_c
BK
366
_f
20
654
_a
blue mountain
245
_a
Beyond the Last Blue mountain: A life of J.R.D Tata
260
_b
Penguin
_c
1993
082
_a
808.83
_b
LAL
300
_a
402
546
_a
ENGLISH
999
_c
25280
_d
25280